[Event "Aktobe Dvorkovich Rapid op"]
[Site "Aktobe"]
[Date "2022.06.21"]
[Round "9"]
[White "Katenov, Aibek"]
[Black "Kostenko, Petr"]
[Result "0-1"]
[WhiteElo "2165"]
[BlackElo "2416"]
[PlyCount "124"]
[EventDate "2022.06.21"]
[EventType "swiss (rapid)"]
[EventRounds "9"]
[EventCountry "KAZ"]
[SourceTitle "CBM 209 Extra"]
[Source "ChessBase"]
[SourceDate "2022.09.30"]
[SourceVersion "1"]
[SourceVersionDate "2022.09.30"]
[SourceQuality "1"]

1. d4 Nf6 2. c4 e6 3. g3 d5 4. Nf3 a6 5. Bg2 dxc4 6. 0-0 b5 7. Ne5 Nd5 8. a4 Bb7 9. b3 c3 10. e4 b4 11. exd5 Bxd5 12. Qh5 g6 13. Qh3 c6 14. Re1 Ra7 15. Be3 Bg7 16. Nxc3 bxc3 17. Rac1 Qa5 18. Bh6 Bxg2 19. Kxg2 0-0 20. Bxg7 Kxg7 21. Re3 Qd5+ 22. Nf3 Qxb3 23. Rcxc3 Qxa4 24. Qh4 Nd7 25. Qe7 Qa2 26. Rxc6 Ne5 27. Qxa7 Nxc6 28. Qb6 Ne7 29. Qd6 Nf5 30. Qe5+ f6 31. Re2 Qd5 32. Qf4 g5 33. Qg4 h5 34. Qe4 Kf7 35. Qxd5 exd5 36. Ra2 Ra8 37. Ra5 Ne7 38. Ne1 Ke6 39. Nd3 Kd6 40. h4 Nc6 41. Ra4 gxh4 42. gxh4 a5 43. Kf3 Re8 44. Nc5 Kc7 45. Kf4 Re2 46. f3 Rh2 47. Kf5 Rxh4 48. f4 Rh1 49. Kxf6 h4 50. f5 h3 51. Ne6+ Kd6 52. Ra2 h2 53. Rf2 Nb4 54. Ng5 a4 55. Nf3 a3 56. Re2 a2 57. Re6+ Kc7 58. Re7+ Kb6 59. Re8 a1Q 60. Rb8+ Ka5 61. Ra8+ Na6 62. Ke5 Qb1 0-1

[Event "Aktobe Dvorkovich Rapid op"]
[Site "Aktobe"]
[Date "2022.06.21"]
[Round "6"]
[White "Utegaliev, Azamat"]
[Black "Katenov, Aibek"]
[Result "0-1"]
[WhiteElo "2465"]
[BlackElo "2165"]
[PlyCount "80"]
[EventDate "2022.06.21"]
[EventType "swiss (rapid)"]
[EventRounds "9"]
[EventCountry "KAZ"]
[SourceTitle "CBM 209 Extra"]
[Source "ChessBase"]
[SourceDate "2022.09.30"]
[SourceVersion "1"]
[SourceVersionDate "2022.09.30"]
[SourceQuality "1"]

1. d4 d5 2. Nf3 e6 3. c4 Nf6 4. Nc3 c6 5. cxd5 exd5 6. Bg5 Be7 7. e3 Bf5 8. Bd3 Bxd3 9. Qxd3 Nbd7 10. 0-0 0-0 11. Rfd1 Re8 12. Rac1 Ne4 13. Bf4 Bf8 14. Ne1 Ndf6 15. f3 Nd6 16. b3 g6 17. Be5 Nd7 18. Bxd6 Bxd6 19. e4 dxe4 20. fxe4 Bb4 21. Nf3 Qb6 22. Na4 Qa5 23. d5 cxd5 24. Qxd5 Qxd5 25. Rxd5 Nf6 26. Rb5 Ba3 27. Re1 b6 28. e5 Nh5 29. g3 Rad8 30. Re2 Ng7 31. Rd2 Rxd2 32. Nxd2 Rd8 33. Ne4 Rd1+ 34. Kg2 Nf5 35. Nac3 Rd3 36. Kf2 Bb2 37. Ne2 Kg7 38. Nf4 Rd4 39. Kf3 Rd1 40. e6 Nd4+ 0-1

[Event "Kokshetau Zhaksy-ch"]
[Site "Kokshetau"]
[Date "2015.07.11"]
[Round "9"]
[White "Katenov, Aibek"]
[Black "Turar, Dastan"]
[Result "0-1"]
[WhiteElo "2014"]
[BlackElo "2189"]
[PlyCount "62"]
[EventDate "2015.07.05"]
[EventType "tourn"]
[EventRounds "9"]
[EventCountry "KAZ"]
[SourceTitle "EXT 2016"]
[Source "ChessBase"]
[SourceDate "2015.10.08"]
[SourceVersion "1"]
[SourceVersionDate "2015.10.08"]
[SourceQuality "1"]

1. e4 e6 2. d4 d5 3. Nc3 Bb4 4. Nge2 dxe4 5. a3 Bxc3+ 6. Nxc3 Nc6 7. d5 exd5 8. Qxd5 Be6 9. Qxe4 Nf6 10. Qh4 Qd4 11. Qxd4 Nxd4 12. Bd3 Bc4 13. Bxc4 Nxc2+ 14. Kd1 Nxa1 15. Bf4 0-0-0+ 16. Bd2 Rd4 17. b3 Rhd8 18. Nb1 Ne4 19. Kc1 Nxd2 20. Kb2 Nxc4+ 21. bxc4 Rd1 22. Rxd1 Rxd1 23. Kxa1 Rf1 24. f3 Rf2 25. Nc3 Rxg2 26. Nd5 Rxh2 27. f4 Rd2 28. Ne3 h5 29. f5 h4 30. Ng4 Rd4 31. Nf2 Rxc4 0-1

[Event "Kokshetau Zhaksy-ch"]
[Site "Kokshetau"]
[Date "2015.07.10"]
[Round "8"]
[White "Agmanov, Zhandos"]
[Black "Katenov, Aibek"]
[Result "1-0"]
[WhiteElo "2296"]
[BlackElo "2014"]
[PlyCount "71"]
[EventDate "2015.07.05"]
[EventType "tourn"]
[EventRounds "9"]
[EventCountry "KAZ"]
[SourceTitle "EXT 2016"]
[Source "ChessBase"]
[SourceDate "2015.10.08"]
[SourceVersion "1"]
[SourceVersionDate "2015.10.08"]
[SourceQuality "1"]

1. e4 c5 2. Nf3 e6 3. d4 cxd4 4. Nxd4 Nc6 5. Nc3 Qc7 6. Be3 a6 7. a3 Nf6 8. Be2 Be7 9. 0-0 0-0 10. f4 d6 11. f5 Nxd4 12. Bxd4 e5 13. Be3 b5 14. Nd5 Nxd5 15. exd5 Bf6 16. a4 b4 17. a5 Bb7 18. Bb6 Qe7 19. Ra4 e4 20. Rxb4 Be5 21. Rb3 Qh4 22. Rh3 Qf6 23. c3 Bc8 24. Qd2 Bxf5 25. g4 Bxg4 26. Rxf6 Bxh3 27. Rf2 Bd7 28. Bd4 f5 29. Bxe5 dxe5 30. d6 Kh8 31. Qd5 Rae8 32. Bxa6 e3 33. Rf1 f4 34. Bb5 Bxb5 35. Qxb5 f3 36. Rxf3 1-0

[Event "Pavlodar op"]
[Site "Pavlodar"]
[Date "2014.12.05"]
[Round "6"]
[White "Nukin, Ashat"]
[Black "Katenov, Aibek"]
[Result "1-0"]
[WhiteElo "2359"]
[BlackElo "1931"]
[PlyCount "61"]
[EventDate "2014.12.01"]
[EventType "swiss"]
[EventRounds "9"]
[EventCountry "KAZ"]
[SourceTitle "EXT 2016"]
[Source "ChessBase"]
[SourceDate "2015.10.08"]
[SourceVersion "1"]
[SourceVersionDate "2015.10.08"]
[SourceQuality "1"]

1. e4 d6 2. d4 Nf6 3. Nc3 e5 4. Nf3 Nbd7 5. Bc4 Be7 6. 0-0 0-0 7. Re1 c6 8. a4 b6 9. h3 Bb7 10. Ba2 a6 11. Bg5 Qc7 12. Nh4 Rfe8 13. Nf5 Bf8 14. dxe5 dxe5 15. Qf3 h6 16. Bxf6 Nxf6 17. Nxh6+ gxh6 18. Qxf6 Bg7 19. Qf3 Rf8 20. Ne2 Bc8 21. Ng3 Be6 22. Nh5 Kh8 23. Nxg7 Kxg7 24. Bxe6 fxe6 25. Qg4+ Kh7 26. Qxe6 Rg8 27. Rad1 Rg7 28. Rd6 Rxg2+ 29. Kxg2 Rg8+ 30. Kf1 Qg7 31. Rd7 1-0

[Event "Pavlodar op"]
[Site "Pavlodar"]
[Date "2014.12.01"]
[Round "1"]
[White "Katenov, Aibek"]
[Black "Vokarev, Sergey"]
[Result "0-1"]
[WhiteElo "1931"]
[BlackElo "2448"]
[PlyCount "37"]
[EventDate "2014.12.01"]
[EventType "swiss"]
[EventRounds "9"]
[EventCountry "KAZ"]
[SourceTitle "EXT 2016"]
[Source "ChessBase"]
[SourceDate "2015.10.08"]
[SourceVersion "1"]
[SourceVersionDate "2015.10.08"]
[SourceQuality "1"]

1. e4 c5 2. Nf3 Nc6 3. d4 cxd4 4. Nxd4 Nf6 5. Nc3 g6 6. Be3 Bg7 7. Nxc6 bxc6 8. e5 Ng8 9. f4 f6 10. f5 fxe5 11. fxg6 Nf6 12. gxh7 d5 13. Bg5 Rxh7 14. Be2 Be6 15. 0-0 Qb6+ 16. Kh1 0-0-0 17. Rf3 e4 18. Rg3 Qf2 19. Ba6+ 0-1

[Event "Wch U12"]
[Site "Al Ain"]
[Date "2013.12.23"]
[Round "7"]
[White "Katenov, Aibek"]
[Black "Zenchanka, Pavel"]
[Result "1/2-1/2"]
[WhiteElo "1686"]
[BlackElo "1826"]
[PlyCount "100"]
[EventDate "2013.12.18"]
[EventType "swiss"]
[EventRounds "11"]
[EventCountry "UAE"]
[SourceTitle "CBM 158 Extra"]
[Source "ChessBase"]
[SourceDate "2014.02.28"]
[SourceVersion "1"]
[SourceVersionDate "2014.02.28"]
[SourceQuality "1"]

1. e4 e6 2. d4 d5 3. Nc3 Nf6 4. exd5 Nxd5 5. Nxd5 exd5 6. Nf3 Bd6 7. Bd3 Bg4 8. 0-0 0-0 9. c3 c6 10. Bc2 Qf6 11. Qd3 Qg6 12. Ne5 Qxd3 13. Bxd3 Be6 14. Re1 Re8 15. Bd2 f6 16. Nf3 Nd7 17. Nh4 Nb6 18. b3 g6 19. g3 Bf7 20. Ng2 Nd7 21. c4 Bf8 22. c5 Bg7 23. Nh4 f5 24. Nf3 a6 25. b4 Nf6 26. Bf4 Ne4 27. Be5 Rac8 28. Kg2 h6 29. h4 Nf6 30. Rad1 Ne4 31. Bxg7 Kxg7 32. a3 Nc3 33. Rc1 Rxe1 34. Rxe1 Re8 35. Rc1 Ne4 36. Nh2 Nf6 37. f3 Re3 38. Rd1 Re8 39. Nf1 Nd7 40. Kf2 Nf8 41. Nd2 Ne6 42. Nb3 Re7 43. Bf1 Kf6 44. a4 Be8 45. Nc1 g5 46. hxg5+ hxg5 47. Na2 f4 48. g4 Nc7 49. Nc3 Re3 50. Rd3 Re7 1/2-1/2

[Event "Wch U12"]
[Site "Al Ain"]
[Date "2013.12.21"]
[Round "4"]
[White "Chukavin, Kirill"]
[Black "Katenov, Aibek"]
[Result "1-0"]
[WhiteElo "1906"]
[BlackElo "1686"]
[PlyCount "74"]
[EventDate "2013.12.18"]
[EventType "swiss"]
[EventRounds "11"]
[EventCountry "UAE"]
[SourceTitle "CBM 158 Extra"]
[Source "ChessBase"]
[SourceDate "2014.02.28"]
[SourceVersion "1"]
[SourceVersionDate "2014.02.28"]
[SourceQuality "1"]

1. e4 c5 2. Nf3 d6 3. d4 cxd4 4. Nxd4 Nf6 5. Nc3 a6 6. Be2 e5 7. Nb3 Be7 8. 0-0 0-0 9. Be3 Be6 10. Nd5 Bxd5 11. exd5 Nbd7 12. c4 Ne8 13. f4 exf4 14. Bxf4 Bg5 15. Qd2 Bxf4 16. Qxf4 Qb6+ 17. Qd4 Qxd4+ 18. Nxd4 Ne5 19. Rac1 Rc8 20. Nf5 Rc7 21. b4 g6 22. Nd4 Ng7 23. c5 dxc5 24. bxc5 Rd7 25. d6 Rc8 26. Rfe1 f6 27. Rf1 Kf7 28. Nf3 Re8 29. Ng5+ Kg8 30. Ne4 f5 31. Nf6+ Kf8 32. Nxd7+ Nxd7 33. Bf3 Re5 34. c6 bxc6 35. Bxc6 Nb8 36. Ba4 Kf7 37. Rc8 Re6 1-0

[Event "Wch U12"]
[Site "Al Ain"]
[Date "2013.12.21"]
[Round "5"]
[White "Katenov, Aibek"]
[Black "Pitzanti, Matteo"]
[Result "1-0"]
[WhiteElo "1686"]
[BlackElo "1850"]
[PlyCount "167"]
[EventDate "2013.12.18"]
[EventType "swiss"]
[EventRounds "11"]
[EventCountry "UAE"]
[SourceTitle "CBM 158 Extra"]
[Source "ChessBase"]
[SourceDate "2014.02.28"]
[SourceVersion "1"]
[SourceVersionDate "2014.02.28"]
[SourceQuality "1"]

1. d4 Nf6 2. Nf3 g6 3. Bf4 Bg7 4. e3 0-0 5. h3 d6 6. Be2 Nbd7 7. 0-0 c5 8. c4 Qb6 9. Qc2 Re8 10. Nc3 Nf8 11. Bh2 cxd4 12. exd4 Bd7 13. Rad1 Rac8 14. Rfe1 Qa5 15. Qd2 a6 16. a3 Qd8 17. b4 Bf5 18. Bf1 d5 19. c5 Ne4 20. Nxe4 Bxe4 21. Qe3 Ne6 22. Be5 Bc2 23. Rd2 Ba4 24. Bd3 Rc6 25. Bc2 Bxc2 26. Rxc2 Nc7 27. Bxg7 Kxg7 28. Qb3 Rf6 29. a4 Qd7 30. Rb2 Ra8 31. Rbe2 Re6 32. Rxe6 Nxe6 33. b5 axb5 34. axb5 Ra5 35. Rb1 Nc7 36. b6 Na6 37. Ne5 Qf5 38. c6 bxc6 39. Nxc6 Ra3 40. Qb2 Ra4 41. b7 Rc4 42. Rc1 Qf4 43. Rxc4 dxc4 44. Qa1 Qd2 45. d5+ f6 46. Nd4 Nb8 47. Ne6+ Kh6 48. Qd4 Qe1+ 49. Kh2 Qe5+ 50. f4 Qxd4 51. Nxd4 c3 52. Kg3 Kg7 53. Kf2 Kf7 54. Ke2 c2 55. Kd2 Na6 56. Nc6 c1Q+ 57. Kxc1 g5 58. f5 Ke8 59. b8Q+ Nxb8 60. Nxb8 Kd8 61. Nc6+ Kd7 62. Kd2 Kd6 63. g4 Kxd5 64. Nxe7+ Ke4 65. Ke2 Kf4 66. Kf2 Ke4 67. Ng8 Ke5 68. Ke3 h5 69. gxh5 Kxf5 70. Ne7+ Ke6 71. h6 Kf7 72. Nf5 Kg8 73. Ke4 Kh7 74. Kd5 Kg6 75. Ke6 g4 76. hxg4 Kh7 77. Kxf6 Kg8 78. Ne3 Kh8 79. g5 Kh7 80. g6+ Kxh6 81. g7 Kh7 82. Kf7 Kh6 83. g8Q Kh5 84. Qg6+ 1-0